000 00618nam a2200205Ia 4500
008 191130s2008##################000#0#eng##
020 _a9780070604308
040 _aACL
_cACL
082 _a332.6457 VAR
100 _aVarma, Jayanth Rama
245 _aDerivatives and risk management
_cJayanth Rama Varma
260 _aNew Delhi
_bTata McGraw Hill Education Private Limited
_c2008
300 _a1 v. (various pagings) ; 24 cm.
500 _a<em>Includes index.</em>
650 _aDerivatives
650 _aRisk management
990 _a80ba8cf9ac10000c4ca0a9428ba913ff
991 _a194583
999 _c255512
_d255512